|
|
|
|
| LEADER |
00000nam a2200000 a 4500 |
| 001 |
vtls001463021 |
| 003 |
SK-MaSNL |
| 005 |
20260301121749.0 |
| 008 |
240314s2002 xr a r 00100 cze |
| 020 |
|
|
|a 8072374885
|
| 035 |
|
|
|a SNK000418327
|
| 040 |
|
|
|a SNK
|b slo
|c SNK
|e AACR2
|
| 041 |
1 |
|
|a cze
|h eng
|
| 044 |
|
|
|a xr
|c CZ
|
| 072 |
|
7 |
|a 614
|x Verejné zdravie a hygiena
|2 konspekt
|
| 072 |
|
7 |
|a 614.8
|x Úrazy a ich prevencia
|2 konspekt
|
| 080 |
|
|
|a 614.87
|2 1981
|
| 080 |
|
|
|a 502.2-022.18
|2 1981
|
| 080 |
|
|
|a 502.2
|2 1981
|
| 080 |
|
|
|a (035)
|2 1981
|
| 100 |
1 |
|
|a Johnson, Clive
|d 1930-
|4 aut
|9 466344
|
| 240 |
1 |
0 |
|a Survival tips
|l Česky
|
| 245 |
1 |
0 |
|a Jak přežít
|b 150 návodů na řešení náročných životních situací
|c Clive Johnson ; [z anglického vydání přeložil Petr Tůma]
|
| 250 |
|
|
|a 1. čes. vyd.
|
| 260 |
|
|
|a Praha
|b Svojtka & Co.
|c c2002
|
| 300 |
|
|
|a 320 s.
|b ilustr.
|c 17 cm
|
| 500 |
|
|
|a Na obale názov: Jak přežít v přírodě
|
| 650 |
0 |
7 |
|a prežitie
|2 SNKPH
|9 30520
|
| 650 |
0 |
7 |
|a extrémne životné podmienky
|2 SNKPH
|9 68448
|
| 650 |
0 |
7 |
|a príroda
|2 SNKPH
|9 3813
|
| 655 |
|
7 |
|a príručky
|2 SNKPH
|9 74364
|
| 700 |
1 |
|
|a Tůma, Petr
|4 trl
|9 302304
|
| 919 |
|
|
|a 80-7237-488-5
|
| 958 |
|
|
|a OP
|
| 958 |
|
|
|a CZ
|
| 999 |
|
|
|c 730556
|d 732486
|
| 952 |
|
|
|t snkJAK 796.1
|a SNKUST
|b SNKUST
|y PREZ
|7 0
|p 17A0403559
|o snkID 97191
|i snkK 775/2003
|g 18.56
|0 0
|1 0
|4 0
|d 2003-11-10
|l 0
|r 2025-05-28 00:00:00
|w 2026-02-23
|